Electrodynamic characteristics of accelerating cavities /

Bibliographic Details
Main Author: Sobenin, N. P.
Other Authors: Zverev, B. V.
Format: Book
Language:English
Russian
Published: Moscow : Abingdon : Moscow Engineering Physics Institute University Press ; Marston, 1999.
Subjects:

MARC

Tag First Indicator Second Indicator Subfields
LEADER 00000cam a22000008a 4500
001 in00001513621
005 20151021104159.0
008 990209s1999 ru 000 0 eng d
015 |a GB99-Y9358 
020 |a 9069940035 
035 |a (OCoLC)40839135 
035 |9 AJL3208AM 
040 |a UKM  |c UKM  |d TXA  |d UtOrBLW 
041 1 |a eng  |a rus 
049 |a TXAM 
082 0 0 |a 539.733  |2 21 
090 |a QC787.P3  |b S63 1999 
100 1 |a Sobenin, N. P. 
245 1 0 |a Electrodynamic characteristics of accelerating cavities /  |c N. P. Sobenin, B. V. Zverev. 
264 1 |a Moscow :  |b Moscow Engineering Physics Institute University Press ;  |a Abingdon :  |b Marston,  |c 1999. 
300 |a 302 pages :  |b illustrations ;  |c 23 cm. 
336 |a text  |b txt  |2 rdacontent 
337 |a unmediated  |b n  |2 rdamedia 
338 |a volume  |b nc  |2 rdacarrier 
500 |a Translated from the Russian. 
504 |a Includes bibliographical references and index. 
650 0 |a Cavity resonators. 
650 0 |a Ion flow dynamics. 
650 0 |a Linear accelerators. 
700 1 |a Zverev, B. V. 
948 |a c:dm 
999 |a MARS 
999 f f |s dcd304b9-7a1e-359f-9e4c-12b93c019034  |i 63849c07-16b5-3db6-9efa-887e9b5ec2bd  |t 0 
952 f f |p normal  |a Texas A&M University  |b College Station  |c Sterling C. Evans Library  |d Evans: Library Stacks  |t 0  |e QC787.P3 S63 1999  |h Library of Congress classification  |i unmediated -- volume  |m A14825366525 
998 f f |a QC787.P3 S63 1999  |t 0  |l Evans: Library Stacks